| 000 | 00382nam a2200145Ia 4500 | ||
|---|---|---|---|
| 008 | 150201s2008 xx 000 0 und d | ||
| 082 |
_a617.6342 _bD2008K |
||
| 100 | _aKELLEHER MARTIN | ||
| 245 | _aDENTAL BLEACHING | ||
| 250 | _a1ST | ||
| 260 |
_bQUINTESSENCE PUBLICATION _aCHICAGO _c2008 |
||
| 300 | _a1-130 | ||
| 650 | _aCONSERVATIVE DENTISTRY & ENDODONTICS | ||
| 942 |
_2ddc _cBK _01 |
||
| 999 |
_c4478 _d4478 |
||